Szczegóły MARC21

Autotroficzny pikoplankton w zbiornikach wodnych zachodniej Polski : występowanie, struktura i znaczenie w mikrobiologicznej sieci troficznej : podsumowanie dotychczasowych badań /

003 -Nazwa inst., której nr kontr. jest w polu 001 [,]
    • @
    • Nazwa instytucji, której n kontrolny jest w polu 001
    • NUKAT
005 -DATA I CZAS OSTATNIEJ MODYFIKACJI [,]
    • @
    • pole kontrolne
    • 20260421213022.0
020 -Międzynarod. znormalizowany nr książki - ISBN [ , ]
    • a
    • Numer ISBN
    • 9788323218463 Find
040 -Instytucja sporządzająca opis [ , ]
    • a
    • Instytucja, która sporządziła opis (NP)
    • SZCZ M/KB
    • c
    • Instytucja, która sporządziła rekord (NP)
    • SZCZ M/KB
    • d
    • Instytucja, która zmodyfikowała rekord (P)
    • WA U/JKs
041 -Język dokumentu [0, ]
    • a
    • Język tekstu (P)
    • polski
    • b
    • Język streszczeń lub abstraktu (P)
    • angielski
942 -Rodzaj dokumentu [ , ]
    • c
    • Rodzaj dokumentu
    • Książka
100 -Hasło główne - nazwa osobowa [1, ]
    • a
    • Nazwa osobowa (NP)
    • Szeląg-Wasielewska, Elżbieta.
    • 9
    • KHW
    • 44171
245 -Strefa tytułu i oznaczenia odpowiedzialności [1,0]
    • a
    • Tytuł
    • Autotroficzny pikoplankton w zbiornikach wodnych zachodniej Polski : Find
    • b
    • Ciąg dalszy tytułu (NP)
    • występowanie, struktura i znaczenie w mikrobiologicznej sieci troficznej : podsumowanie dotychczasowych badań / Find
    • c
    • Pozostałe elementy strefy tytułu i oznaczenia odpowiedzialności (NP)
    • Elżbieta Szeląg-Wasielewska.
260 -Strefa adresu wydawniczego [ , ]
    • a
    • Miejsce wydania (P)
    • Poznań :
    • b
    • Nazwa wydawcy (P)
    • Wydawnictwo Naukowe Uniwersytetu im. Adama Mickiewicza,
    • c
    • Data wydania (P)
    • 2008.
300 -Strefa opisu fizycznego [ , ]
    • a
    • Określenie formy książki i/lub objętość (NP)
    • 54, [2] s., [8] s. tabl. :
    • b
    • Oznaczenie ilustracji (NP)
    • il. kolor. ;
    • c
    • Format (NP)
    • 24 cm.
336 -Typ zawartości [ , ]
    • a
    • Termin opisujący typ zawartości
    • Tekst
    • b
    • Kod określający zawartość
    • txt
    • 2
    • Źródło (terminu i kodu)
    • rdacontent
337 -Typ mediów [ , ]
    • a
    • Tryb odtwarzania
    • Bez urządzenia pośredniczącego
    • b
    • Kod typu mediów
    • n
    • 2
    • Źródło (terminu i kodu)
    • rdamedia
338 -Typ/rodzaj nośnika [ , ]
    • a
    • Hasło opisujące typ nośnika
    • Wolumin
    • b
    • Kod typu nośnika
    • nc
    • 2
    • Źródło (terminu i kodu)
    • rdacarrier
380 -Deskryptor - Forma dzieła (P) [ , ]
    • a
    • forma dzieła (NP)
    • Książki
490 -Strefa serii i książki wielotomowej - forma nie do wyszukiwania [1, ]
    • a
    • Tytuł (P)
    • Seria Biologia / Uniwersytet im. Adama Mickiewicza w Poznaniu, Find
    • x
    • ISSN (NP)
    • 0554-811X ;
    • v
    • Numeracja (P)
    • nr 74
830 -Hasło dodatkowe serii i opisu książki wielotomowej - tytuł ujednolicony/tytuł [ ,0]
    • a
    • Tytuł ujednolicony/tytuł (NP)
    • Biologia - Uniwersytet im. Adama Mickiewicza
    • x
    • ISSN
    • 0554-811X
    • v
    • Oznaczenie tomu (NP)
    • nr 74
    • 9
    • KHW
    • 14682
504 -Uwaga dot. bibliogr. załącznikowej [ , ]
    • a
    • Uwaga dot. bibliografii załącznikowej
    • Bibliogr. s. 46-53.
546 -Uwaga dot. języka [ , ]
    • a
    • Uwaga dot. języka
    • Streszcz. ang.
080 -Uniwersalna Klasyfikacja Dziesiętna [ , ]
    • 2
    • Identyfikator wydania tablic
    • UDC-P058
    • 9
    • UKD
    • 4410
    • a
    • Symbol klasyfikacji
    • 581.526
    • b
    • Dopowiedzenie
    • Formacje ekologiczne. Hydrofity. Plankton. Mezofity. Kserofity.
    • 4
    • UKD2
    • 7642
    • x
    • Poddział wspólny
    • (438)
    • c
    • Dopowiedzenie poddz. wspólnego
    • (Polska).
080 -Uniwersalna Klasyfikacja Dziesiętna [ , ]
    • 2
    • Identyfikator wydania tablic
    • UDC-P058
    • 9
    • UKD
    • 4323
    • a
    • Symbol klasyfikacji
    • 556.55
    • b
    • Dopowiedzenie
    • Limnologia. Jeziora, zbiorniki, stawy. Zanieczyszczenie jezior.
    • 4
    • UKD2
    • 7642
    • x
    • Poddział wspólny
    • (438)
    • c
    • Dopowiedzenie poddz. wspólnego
    • (Polska).
080 -Uniwersalna Klasyfikacja Dziesiętna [ , ]
    • 2
    • Identyfikator wydania tablic
    • UDC-P058
    • 9
    • UKD
    • 4400
    • a
    • Symbol klasyfikacji
    • 579.68
    • b
    • Dopowiedzenie
    • Mikrobiologia wody.
    • 4
    • UKD2
    • 7642
    • x
    • Poddział wspólny
    • (438)
    • c
    • Dopowiedzenie poddz. wspólnego
    • (Polska).
650 -Hasło przedmiotowe [ ,7]
    • a
    • Hasło przedmiotowe
    • Fitoplankton
    • 2
    • Źródło terminu
    • DBN
    • 9
    • KHW
    • 735764
650 -Hasło przedmiotowe [ ,7]
    • a
    • Hasło przedmiotowe
    • Flora
    • 2
    • Źródło terminu
    • DBN
    • 9
    • KHW
    • 722132
650 -Hasło przedmiotowe [ ,7]
    • a
    • Hasło przedmiotowe
    • Mikrobiologia
    • 2
    • Źródło terminu
    • DBN
    • 9
    • KHW
    • 734058
650 -Hasło przedmiotowe [ ,7]
    • a
    • Hasło przedmiotowe
    • Wody śródlądowe
    • 2
    • Źródło terminu
    • DBN
    • 9
    • KHW
    • 736901
650 -Hasło przedmiotowe [ ,7]
    • a
    • Hasło przedmiotowe
    • Plankton słodkowodny
    • z
    • Określnik geograficzny
    • Polska Zachodnia.
    • 2
    • Źródło terminu
    • kaba
    • 9
    • KHW
    • 368382
651 -Hasło przedmiotowe w formie nazwy geograficznej [ ,7]
    • a
    • Nazwa geograficzna
    • Pojezierze Pomorskie
    • 2
    • Źródło terminu
    • DBN
    • 9
    • KHW
    • 744549
651 -Hasło przedmiotowe w formie nazwy geograficznej [ ,7]
    • a
    • Nazwa geograficzna
    • Pojezierze Wielkopolskie
    • 2
    • Źródło terminu
    • DBN
651 -Hasło przedmiotowe w formie nazwy geograficznej [ ,7]
    • a
    • Nazwa geograficzna
    • Polska
    • 2
    • Źródło terminu
    • DBN
    • 9
    • KHW
    • 721438
658 -Ujęcie treści [ , ]
    • a
    • dziedzina nauki i sztuki/ sfera aktywności życiowej
    • Biologia
980 -Symbol UKD [ , ]
    • a
    • UKD
    • 581.526:556.55:579.68](438)
710 -Hasło dodatkowe - nazwa ciała zbiorowego [2, ]
    • a
    • Nazwa ciała zbiorowego lub nazwa geograficzna jako pierwszy element (NP)
    • Uniwersytet im. Adama Mickiewicza (Poznań).
    • b
    • Nazwa jednostki podrzędnej (P)
    • Wydawnictwo Naukowe.
    • 4
    • Kod relacji
    • pbl
    • 9
    • KHW
    • 52821
920 -ISBN [ , ]
    • a
    • ISBN
    • 978-83-232184-6-3 Find
Numer inwentarzowy Lokalizacja Status udost. Data inwentaryzacji
Z.116106BG12012-07-02